| 000 | 00846nac a22003130a 4500 | ||
|---|---|---|---|
| 001 | PT4857 | ||
| 003 | AR-LpoUNG | ||
| 005 | 20210201004841.0 | ||
| 008 | 201001s1997||||ag |||||||||||||||||spa d | ||
| 020 |
_a9500353227 _c$780,00 |
||
| 040 |
_aAR-LpoUNG _bspa _eaacr |
||
| 041 | _aspa | ||
| 044 | _aag | ||
| 082 | 0 | _aA863 723v1 | |
| 100 | 1 | _aArlt, Roberto | |
| 245 | 1 | 0 | _aObras |
| 250 | _a1ra. ed. | ||
| 260 |
_aBuenos Aires : _bLosada, _c1997. |
||
| 300 |
_a837 p. : _bfot. _3Impreso |
||
| 490 | 0 | _aObras | |
| 520 | _a<p>Trece recorridos con las novelas de Arlt; El juguete rabioso; Los siete locos; Los lanzallamas; El amor brujo.</p> | ||
| 650 | 4 | _aARGENTINA | |
| 650 | 4 | _aLITERATURA | |
| 650 | 4 | _aNOVELAS | |
| 651 | 4 | _aDOCUMENTOS TEORICOS O METODOLOGICOS | |
| 700 | 1 |
_aViƱas, David _eint. |
|
| 905 | _a4857 | ||
| 942 | _cLIB | ||
| 999 |
_c47682 _d47682 |
||